| 000 | 00617cam a22001932a 4500 | ||
|---|---|---|---|
| 001 | 005936 | ||
| 003 | AR-FADEU | ||
| 008 | 311216n1956####xxu####################dd | ||
| 092 |
_a302.072 _bG526 |
||
| 100 | _aGirod, Roger | ||
| 245 | _aEl poder de las masas : actitudes colectivas y relaciones humanas sociales y económicas. Técnicas de investigación y encuestas | ||
| 260 | _aBarcelona | ||
| 260 | _bHispano | ||
| 260 | _c1956 | ||
| 300 | _a328 p | ||
| 440 | _aBiblioteca de técnicas de promoción económica | ||
| 650 | _aPSICOLOGIA SOCIAL-METODOS DE INVESTIGACION; RELACIONES HUMANAS | ||
| 942 | _cBDGR | ||
| 999 |
_c11757 _d11757 |
||